00346 a2200145 4500003000400000005001700004008004100021020001500062040000900077082001900086100001300105245003400118260003900152300000900191OSt20231121134214.0231121b |||||||| |||| 00| 0 eng d a8187134771 coclc a612.014bROY/M aRoy, R N aMedical Biophysics /cR N Roy aKolkata:bBooks and allied,c2010. a441p